Statistics for On This Day (July 15th) Multiple Choice

Click here to take the quiz!

General Stats

  • This quiz has been taken 7 times
  • The average score is 6 of 15

Answer Stats

QuestionAnswer% Correct
2014 – A train derails on which city's Metro, killing at least 24 and injuring more than 160 others ?Moscow
100%
1799 – The Rosetta Stone is found in which Egyptian village by French Captain Pierre-François Bouchard ?Rosetta
100%
1974 – Greek junta-sponsored nationalists launch a coup d'état, deposing President Makarios in which country ?Cyprus
75%
1834 – The Spanish Inquisition is officially disbanded after approximately how many years ?356
50%
1381 – John Ball, a leader in the Peasants' Revolt, is hanged, drawn and quartered in the presence of which king of England ?King Richard II
50%
1955 – Eighteen Nobel laureates sign the Mainau Declaration against what ?Nuclear Weapons
50%
1966 – Vietnam War: The United States and South Vietnam begin which Operation to push the North Vietnamese out of the Vietnamese Demilitarized Zone ?Operation Hastings
50%
1927 – Massacre of July 15, 1927: Eighty-nine protesters are killed by police in which European city ?Vienna
50%
1207 – King John of England expels monks from which city for supporting Archbishop Stephen Langton ?Canterbury
25%
1996 – A Belgian Air Force C-130 Hercules carrying a marching band from which country's army crashes on landing at Eindhoven Airport ?Netherlands
25%
484 BC – The Dedication of the Temple of Castor and Pollux takes place in which ancient city ?Rome
25%
2006 – Which social media platform is launched ?Twitter
25%
1998 – Sri Lankan Civil War: Sri Lankan Tamil MP S. Shanmuganathan is killed by what weapon ?Claymore mine
0%
1870 – Reconstruction Era of the United States: Which state becomes the last of the former Confederate states to be readmitted to the Union ?Georgia
0%
1888 – The stratovolcano Mount Bandai erupts killing approximately 500 people in which country ?Japan
0%

Score Distribution

Percentile by Number Answered

Percent of People with Each Score

Your Score History

You have not taken this quiz